000 00443nam a2200181Ia 4500
005 20231123100726.0
008 131103s9999 xx 000 0 und d
040 _aLoreto College
041 _aEnglish
082 _aF
_bWHI
100 _aWhite,Patrick
245 4 _aThe Tree of Man
_cPatrick White
260 _aHarmondsworth
_bPenguin Books
_c1956
300 _a480 p.
650 _aFiction in English
850 _aLCLIB
942 _cBK
999 _c14398
_d64877